• 首页
  • 本馆介绍
  • 公告通知
  • 最新文献
  • 馆藏检索
  • 电子资源
  • 读者导购
  • 参考咨询
  • 我的图书馆
  • 登录
  • 详细信息显示
  • 放入我的书架
  • 预约/预借图书
  • 作者相关作品
  • 分类相关作品
  • 丛书相关作品
  • 出版社相关作品

书目信息

  • 表格格式
  • 工作单格式
  • 卡片格式
题名:
电磁学与电动力学
    
 
作者: 胡友秋 , 程福臻 编著
分册: 下册  
出版信息: 北京   科学出版社  2014.06
页数: 15,268页
开本: 24cm
丛书名: 中国科学技术大学国家基础科学人才培养基地物理学丛书
单 册:
中图分类: O441 , O442
科图分类:
主题词: 电磁学--高等教育--教材 , 电动力学--高等教育--教材 , 电磁学 , 电动力学
电子资源:
ISBN: 978-7-03-041193-8
000 01199oam2 2200349 450
001 006628975
005 20170418145019.51
010    @a978-7-03-041193-8@dCNY37.00
100    @a20140723d2014 em y0chiy0110 ea
101 0  @achi
102    @aCN@b110000
105    @aa z 001yy
106    @ar
200 1  @a电磁学与电动力学@9dian ci xue yu dian dong li xue@h下册@f胡友秋,程福臻编著
205    @a2版
210    @a北京@c科学出版社@d2014.06
215    @a15,268页@c图@d24cm
225 2  @a中国科学技术大学国家基础科学人才培养基地物理学丛书
300    @a“十二五”普通高等教育本科国家级规划教材
330    @a本书内容包括:电磁现象的基本规律、静电场、静磁场、电磁波的传播、电磁波的辐射、运动电荷的辐射、狭义相对论等。
333    @a综合性大学和理工类、师范类院校物理学和应用物理学专业师生
461  0 @12001 @a中国科学技术大学国家基础科学人才培养基地物理学丛书
606 0  @a电磁学@x高等教育@j教材
606 0  @a电动力学@x高等教育@j教材
606 0  @a电磁学
606 0  @a电动力学
690    @aO441@v5
690    @aO442@v5
701  0 @a胡友秋@9hu you qiu@4编著
701  0 @a程福臻@9cheng fu zhen@4编著
801  0 @aCN@b人天书店@c20140723
905    @b983961-64@dO441@e151:2=2@f4
    
    电磁学与电动力学.下册/胡友秋,程福臻编著.-2版.-北京:科学出版社,2014.06
    15,268页:图;24cm.-(中国科学技术大学国家基础科学人才培养基地物理学丛书)
    “十二五”普通高等教育本科国家级规划教材.-使用对象:综合性大学和理工类、师范类院校物理学和应用物理学专业师生
    
    ISBN 978-7-03-041193-8:CNY37.00
    本书内容包括:电磁现象的基本规律、静电场、静磁场、电磁波的传播、电磁波的辐射、运动电荷的辐射、狭义相对论等。
●
相关链接 在E读中查询图书 在五车中查询图书 在当当中查询图书 在豆瓣中查询图书


正题名:电磁学与电动力学     索取号:O441/151:2=2         预约/预借

序号 登录号 条形码 馆藏地/架位号 状态 备注
1 983961   209839610   第二样本阅览室/ [索取号:O441/151:2=2] 在馆    
2 983962   209839629   第三借阅区/ [索取号:O441/151:2=2] 在馆    
3 983963   209839638   第三借阅区/ [索取号:O441/151:2=2] 在馆    
4 983964   209839647   物理系资料室/ [索取号:O441/151:2=2] 在馆    
唐山师范学院图书馆 欢迎您!
大连网信软件有限公司© 版权所有